000 00374nam a2200169Ia 4500
003 0STCL
008 150530s9999 xx 000 0 und d
040 _aSTCL
_cSTCL
100 _aTyagi, B.P.
245 _aPublic finance
250 _aElevanth
260 _bJai Prakash Nath
_c1984
546 _aEnglish
942 _2ddc
_cBK
999 _c10223
_d10223
005 20220125165543.0